Translation and other research (Record no. 113187)

MARC details
000 -LEADER
fixed length control field 00414 a2200157 4500
005 - DATE AND TIME OF LATEST TRANSACTION
control field 20241125143503.0
008 - FIXED-LENGTH DATA ELEMENTS--GENERAL INFORMATION
fixed length control field 241022b |||||||| |||| 00| 0 eng d
020 ## - INTERNATIONAL STANDARD BOOK NUMBER
International Standard Book Number 9798885699334
080 ## - UNIVERSAL DECIMAL CLASSIFICATION NUMBER
Universal Decimal Classification number 820.09
Item number KAN/T
100 ## - MAIN ENTRY--PERSONAL NAME
Personal name Kanika Priya, M.
245 ## - TITLE STATEMENT
Title Translation and other research
260 ## - PUBLICATION, DISTRIBUTION, ETC. (IMPRINT)
Name of publisher, distributor, etc The writing ethics
Place of publication, distribution, etc Bhopal
Date of publication, distribution, etc 2021
300 ## - PHYSICAL DESCRIPTION
Extent 139p.
653 ## - INDEX TERM--UNCONTROLLED
Uncontrolled term Study - English Literature
942 ## - ADDED ENTRY ELEMENTS (KOHA)
item type Books
Holdings
Lost status Source of classification or shelving scheme Not for loan Home library Current library Date acquired Cost, normal purchase price Total Checkouts Full call number Barcode Date last seen Cost, replacement price Price effective from Koha item type
  Universal Decimal Classification   University Library University Library 27/01/2024 144.00   820.09 KAN/T 00095784 27/01/2024 180.00 27/01/2024 Books
University Library, CUSAT